| 000 | 00748nam a2200205Ia 4500 | ||
|---|---|---|---|
| 003 | GCL | ||
| 008 | 140319s9999 xx 000 0 ara d | ||
| 040 |
_aGCL / _cGCL |
||
| 082 | 0 | 4 |
_a928.1 _bا ف |
| 100 | 1 | _aاحمد يوسف احمد | |
| 245 | 1 | 0 |
_aفنان الشعب محمود بيرم التونسى / _cاحمد يوسف احمد |
| 260 |
_aالقاهرة : _bدار النهضة العربية ، _c1962 |
||
| 300 |
_a340 ص ؛ _c26 سم |
||
| 490 |
_aالهيئة العامة للاستعلامات _v0 |
||
| 650 | 0 | 4 | _aالادب العربى |
| 650 | 0 | 4 | _aمحمود بيرم التونسى |
| 650 | 0 | 4 | _aالشعر العربى - دواوين وقصائد |
| 650 | 0 | 4 | _aالادباء العرب - تراجم |
| 942 |
_2ddc _cBK |
||
| 999 |
_c49812 _d49812 |
||